Organizational behavior : An evidence based approach (Record no. 5925)
[ view plain ]
| 000 -LEADER | |
|---|---|
| fixed length control field | 00474nam a2200169Ia 4500 |
| 008 - FIXED-LENGTH DATA ELEMENTS--GENERAL INFORMATION | |
| fixed length control field | 230711s9999||||xx |||||||||||||| ||und|| |
| 020 ## - INTERNATIONAL STANDARD BOOK NUMBER | |
| International Standard Book Number | 978-1-25-909743-0 |
| 041 ## - LANGUAGE CODE | |
| Language code of text/sound track or separate title | ENG |
| 082 ## - DEWEY DECIMAL CLASSIFICATION NUMBER | |
| Classification number | 658.4 |
| Item number | LU-O |
| 100 ## - MAIN ENTRY--PERSONAL NAME | |
| Personal name | Luthans,Fred |
| 245 #0 - TITLE STATEMENT | |
| Title | Organizational behavior : An evidence based approach |
| 250 ## - EDITION STATEMENT | |
| Edition statement | 12th . Ed. |
| 260 ## - PUBLICATION, DISTRIBUTION, ETC. | |
| Date of publication, distribution, etc. | 2013 |
| Place of publication, distribution, etc. | New Delhi |
| Name of publisher, distributor, etc. | McGraw Hill Education(India) Private Limited |
| 300 ## - PHYSICAL DESCRIPTION | |
| Extent | 574p. |
| 650 ## - SUBJECT ADDED ENTRY--TOPICAL TERM | |
| Topical term or geographic name entry element | UNIVESITY BUSNIESS SCHOOL |
| 942 ## - ADDED ENTRY ELEMENTS (KOHA) | |
| Koha item type | Book |
| Withdrawn status | Lost status | Damaged status | Not for loan | Collection | Home library | Current library | Date acquired | Cost, normal purchase price | Inventory number | Total checkouts | Full call number | Barcode | Date last seen | Price effective from | Koha item type | Date last checked out | Date due |
|---|---|---|---|---|---|---|---|---|---|---|---|---|---|---|---|---|---|
| MRSPTU Central Library | MRSPTU Central Library | 725.00 | 2242502 | 658.4 LU-O | 31976 | 08/17/2023 | 08/17/2023 | Book | |||||||||
| MRSPTU Central Library | MRSPTU Central Library | 725.00 | 2242502 | 658.4 LU-O | 31977 | 08/17/2023 | 08/17/2023 | Book | |||||||||
| MRSPTU Central Library | MRSPTU Central Library | 725.00 | 2242502 | 658.4 LU-O | 32076 | 08/17/2023 | 08/17/2023 | Book | |||||||||
| MRSPTU Central Library | MRSPTU Central Library | 1 | 658.4 LU-O | 37766 | 01/08/2026 | 08/17/2023 | Book | 12/18/2025 | |||||||||
| MRSPTU Central Library | MRSPTU Central Library | 1 | 658.4 LU-O | 37767 | 12/02/2025 | 08/17/2023 | Book | 12/02/2025 | 12/23/2025 | ||||||||
| MRSPTU Central Library | MRSPTU Central Library | 658.4 LU-O | 37768 | 08/17/2023 | 08/17/2023 | Book | |||||||||||
| MRSPTU Central Library | MRSPTU Central Library | 658.4 LU-O | 37769 | 08/17/2023 | 08/17/2023 | Book | |||||||||||
| MRSPTU Central Library | MRSPTU Central Library | 658.4 LU-O | 37770 | 08/17/2023 | 08/17/2023 | Book | |||||||||||
| MRSPTU Central Library | MRSPTU Central Library | 658.4 LU-O | 37771 | 08/17/2023 | 08/17/2023 | Book | |||||||||||
| MRSPTU Central Library | MRSPTU Central Library | 658.4 LU-O | 37772 | 08/17/2023 | 08/17/2023 | Book | |||||||||||
| MRSPTU Central Library | MRSPTU Central Library | 658.4 LU-O | 37773 | 08/17/2023 | 08/17/2023 | Book | |||||||||||
| MRSPTU Central Library | MRSPTU Central Library | 1 | 658.4 LU-O | 37774 | 01/01/2024 | 08/17/2023 | Book | 12/29/2023 | |||||||||
| MRSPTU Central Library | MRSPTU Central Library | 1 | 658.4 LU-O | 37775 | 06/11/2024 | 08/17/2023 | Book | 05/13/2024 |
